000
00341nam a2200157Ia 4500
001
23164
003
IN-NITTTR
005
20251114233300.0
008
251113s9999||||xx |||||||||||||| ||eng||
040
_b
eng
040
_c
IN-NITTTR
041
_a
eng
082
_a
823 W893
245
0
_a
World's greatest love stories. /
942
_2
ddc
_c
BK
999
_c
25793
_d
25793